Представление документа в формате MARC21

Поле Инд. ПП Название Значение
Тип записи a
Библиографический уровень m
001 Контрольный номер 6da58e73aae746abab225cfe2cf16a23
005 Дата корректировки 20250128121514.0
020 a ISBN 978-5-17-158157-2
c Цена, тираж 420-30
084 a Индекс другой классификации/Индекс ББК 81.432.1
090 a Полочн. индекс 81.432.1
c Каталожный индекс 81.432.1
x Авторский знак Д 36
091 i Возрастная адресация (DOS) 0+
097 b Оператор Кондратьева
100 1_ a Автор Державина В. А.
q Полное имя Державина Виктория Александровна
245 10 a Заглавие Английский для малышей (4-6 лет)
b Продолж. заглавия [0+]
260 a Место издания Москва
b Издательство АСТ
c Дата издания 2023
300 a Объем 96 с.
b Иллюстрации/ тип воспроизводства ил.
440 _0 a Серия Английский для дошкольников
653 0_ a Ключевые слова английский язык для дошкольников
900 a Имя макрообъекта о15640781
901 t Тип документа m